Sociálno-patologické javy vplývajúce na prostredie rodiny diplomová práca

Saved in:
Bibliographic Details
Main Author: Harmadyová, Zuzana
Corporate Author: Národohospodárska fakulta EU. Katedra sociálneho rozvoja a práce
Other Authors: Antalová, Mária, 1952-
Format: Book
Language:Slovak
Published: Bratislava 2012
Tags: Add Tag
No Tags, Be the first to tag this record!

MARC

LEADER 00000nbm a2200000 4500
001 0152191
005 20161109102018.1
041 0 |a slo 
044 |a SK 
245 1 0 |a Sociálno-patologické javy vplývajúce na prostredie rodiny  |b diplomová práca  |c Zuzana Harmadyová ; školiteľ: Mária Antalová 
264 1 |a Bratislava  |c 2012 
300 |a 93 s. 
100 1 |a Harmadyová, Zuzana 
700 1 |a Antalová, Mária, 1952- 
710 2 |a Národohospodárska fakulta EU. Katedra sociálneho rozvoja a práce